Datum a čas kvízu
16.5
Celkem bodů
Celkový počet nahraných bodů na tomto kvízu bez doplňovacích otázek.
7.
Pořadí na kvízu
Konečné umístění týmu na tomto kvízu.
Zaznamenané odpovědi
| # | Otázka | Odpověď | Body | Výsledky |
|---|---|---|---|---|
| 1. | Vláda minulý týden představila... | úkol | 0 | |
| 2. | Federální soud USA propustil n... | Ronalda Reagana | 0 | |
| 3. | Jedna z hlavních postav animov... | (Buzz) Rakeťák | 1 | |
| 4. | V Moskvě bylo otevřeno prvních... | Chutně a tečka / Vkusno & točka | 0 | |
| 5. | Český svaz ledního hokeje má o... | Alois Hadamczik | 1 | |
| 6. | V následujících pěti otázkách... | Vykoupení z věznice Shawshank; Tim Robbins a Morgan Freeman | 0.5 | |
| 7. | Pokračujeme snímkem Pulp Ficti... | 1C 2A 3B 4D | 1 | |
| 8. | V roce 2013 byl natočen životo... | James Hunt, Niki Lauda | 1 | |
| 9. | Ve dvou na sebe navazujících k... | Kamila Magálová, Oldřich Kaiser | 0.5 | |
| 10. | Jak se jmenují dva herečtí pře... | Jiří Macháček, Marek Taclík | 0.5 |